=LDR 00000nam 2200000 4500 =001 000236 =005 20250710115903 =035 ##$$a 0010-0725000060 =245 1#$$a Penabuh gong /$c Saptorini =100 #$$a Saptorini =250 ##$$a Cetakan pertama =300 ##$$a 28 hlm. : $b Ilus. ; $c 29,7 cm =856 ##$$a TBM As suhada =260 ##$$a Rawamangun :$b Badan pengembangan dan pembinaan bahasa,$c 2024 =082 ##$$a 398.209 598 2 =084 ##$$a 398.209 598 2 SAP p =020 ##$$a 978-623-307-190-1 =650 #4$$a Cerita anak-jawa tengah =650 #4$$a Literasi-bahan bacaan